000 00658nam a2200217Ia 4500
003 GCL
008 140319s9999 xx 000 0 ara d
040 _aGCL /
_cGCL
082 0 4 _a157.7
_bك ص
100 1 _aكلير فهيم
245 1 0 _aالصحة النفسية للطفل من الحمل الى الحضانة /
_cكلير فهيم
260 _a[S.N] :
_bدار الثقافة العربية ،
_c1990
300 _a335 ص
490 _a
650 0 4 _aالاطفال
650 0 4 _aالصحة المدرسية
650 0 4 _aطب الاطفال
650 0 4 _aالعناية الصحية
650 0 4 _aصحة الاطفال
942 _2ddc
_cBK
999 _c54597
_d54597